000 00626nam a2200277Ia 4500
005 20260324133506.0
008 008 260324s9999 xx 000 0 eng d
020 _a9780203994900
037 _aEBOOK
040 _aCRL
040 _beng
040 _cCRL
041 _2eng
041 _aeng
084 _qCRL
100 _aErika Cudworth
_91193309
245 0 _aEnvironment and Society
260 _bTaylor and Francis
260 _c2003
365 _a
365 _b315
856 _uhttp://www.taylorfrancis.com/books/9780203994900
942 _cEBOOK
999 _c1792381
_d1792381